000 00805nam a2200217Ii 4500
003 JO-AjNU
008 230605s9999||||xx |||||||||||||| ||und||
040 _aJO-AjNU
_bara
_erda
_cJO-AjNU
041 _aara
050 1 4 _aHD9016.A7 .Z5.1981
100 3 _aالحافظ،زياد,
_eauthor
_99401
245 0 0 _aازمة الغذاء في الوطن العربي
250 _aط2
264 3 1 _aبيروت:معهد الانماء العربي،1981
300 _a197ص
_bيشتمل على إرجاعات ببليوجرافية من ص187-ص197
336 _atext
_btxt
_2rdacontent
337 _aunmediated
_bn
_2rdamedia
338 _avolume
_bnc
_2rdacarrier
490 0 _aالدراسات الاقتصادية الاستراتيجية 
650 4 _aالأغذية - البلاد العربية 
_99402
999 _aA1282
_c4850
_d4850